Handbook of heavy tailed distributions in finance
Αποθηκεύτηκε σε:
| Άλλοι συγγραφείς: | |
|---|---|
| Μορφή: | Βιβλίο |
| Γλώσσα: | English |
| Δημοσίευση: |
Amsterdam : Boston : Elsevier :
2003
|
| Σειρά: | Handbooks in finance ;
; 1 |
| Θέματα: | |
| Ετικέτες: |
Προσθήκη ετικέτας
Δεν υπάρχουν, Καταχωρήστε ετικέτα πρώτοι!
|
MARC
| LEADER | 00000cam a2200000 i 4500 | ||
|---|---|---|---|
| 001 | 1/53694 | ||
| 008 | 070903s2003 eng d | ||
| 020 | |a 0-444-50896-1 | ||
| 035 | |l 10090356 | ||
| 040 | |a GR-MY-UA |b gre |e aacr | ||
| 041 | 0 | |a eng | |
| 082 | 0 | |a 332.015195 |2 (22) | |
| 245 | 1 | 0 | |a Handbook of heavy tailed distributions in finance / |c edited by Svetlozar T. Rachev |
| 260 | |a Amsterdam : Boston : |a Elsevier : |c 2003 | ||
| 300 | |a xxiv, 680 σ.; |b εικ.; |c 24 εκ. | ||
| 490 | 1 | |a Handbooks in finance |v ; 1 | |
| 504 | |a Περιλαμβάνει βιβλιογραφικές παραπομπές και ευρετήρια | ||
| 650 | 0 | 0 | |a Finance |x Statistical methods. |
| 700 | 1 | |a Rachev, S. T. |q (Svetlozar Todorov) |e edt | |
| 830 | 0 | |a Handbooks in finance ; |v ; 1 | |
| 852 | |a INST |b SAMOS |e 20070903 |h 332.015195 HAN |p 005300028336 |q 005300028336 |t BK |y 0 | ||
| 901 | |a BIBL3-2007-2 | ||
| 909 | |a Σ |b 138257 | ||
| 922 | |a 3ΕΛΗ |b 200707 |c ΕΠΕΑΕΚ2/ΤΣΑΕ |d ΠΑΠΑΣΩΤΗΡΙΟΥ | ||
| 970 | |a ΡΟΥΣΣΟΥ |b ΚΩΝΣΤΑΝΤΙΝΑ |z 2007/09/03 | ||